Adónde va China?
Guardat en:
| Autor principal: | |
|---|---|
| Format: | Llibre |
| Idioma: | espanyol |
| Publicat: |
Barcelona, España
Paidós Ibérica
2005
|
| Col·lecció: | Paidós Historia Contemporánea,
034 |
| Matèries: | |
| Etiquetes: |
Afegir etiqueta
Sense etiquetes, Sigues el primer a etiquetar aquest registre!
|
MARC
| LEADER | 00000nam a2200000 a 4500 | ||
|---|---|---|---|
| 001 | UCI1467 | ||
| 003 | CL-VaPUC | ||
| 005 | 20240730091418.0 | ||
| 008 | 070629e20050000SP |||||||||||||||||spa|d | ||
| 999 | |c 326286 |d 326284 | ||
| 020 | |a 8449318416 | ||
| 040 | |c Pontificia Universidad Católica de Valparaíso | ||
| 082 | 0 | 4 | |a 306.952 DOM 2005 |2 21 |
| 100 | 0 | |a Domenach, Jean-Luc |e author |9 522014 | |
| 245 | 1 | 0 | |a Adónde va China? |
| 260 | |a Barcelona, España |b Paidós Ibérica |c 2005 | ||
| 300 | |a 327 páginas | ||
| 490 | 0 | |a Paidós Historia Contemporánea, |v 034 | |
| 583 | |a last modification |c 20070629 00:00:00 |k Rodrigo Vera | ||
| 650 | 0 | |a Historia social |z CHINA |9 313638 | |
| 650 | 0 | |a Imperialismo |z CHINA |9 258264 | |
| 650 | 0 | |a Política social |z CHINA |9 257588 | |
| 650 | 0 | |a Política económica |z CHINA |9 255029 | |
| 650 | 0 | |a Desarrollo económico y social |z CHINA |9 256320 | |
| 942 | |c BK |2 ddc | ||
| 945 | |d 20070629 00:00:00 |a jtorresc | ||
| 952 | |0 0 |1 0 |2 ddc |4 0 |6 306_952000000000000_DOM_2005 |7 0 |8 A |9 408120 |a BIBHIS |b BIBHIS |d 2019-11-22 |i 4354575 |o 306.952 DOM 2005 |p 4354575 |r 2025-01-20 |t 1 |w 2019-11-22 |y BK |k HIS | ||